[Event "Dos Hermanas"]
[Site "Dos Hermanas"]
[Date "1996.05.29"]
[Round "7"]
[White "Gelfand, Boris"]
[Black "Kamsky, Gata"]
[Result "1-0"]
[WhiteElo "2700"]
[BlackElo "2735"]
[Annotator "Gelfand,B"]
[PlyCount "92"]
[EventDate "1996.05.21"]
[EventType "tourn"]
[EventRounds "9"]
[EventCountry "ESP"]
[EventCategory "19"]
[SourceTitle "CBM 053"]
[Source "ChessBase"]
[SourceDate "1996.08.01"]
[SourceVersion "1"]
[SourceVersionDate "1996.08.01"]
[SourceQuality "1"]

1. d4 {Ftacnik Bologan} Nf6 2. c4 g6 3. Nc3 d5 4. cxd5 Nxd5 5. e4 Nxc3 6. bxc3
Bg7 7. Nf3 c5 8. Rb1 O-O 9. Be2 cxd4 10. cxd4 Qa5+ 11. Bd2 Qxa2 12. O-O Bg4 13.
Bg5 h6 14. Be3 Nc6 15. d5 Ne5 (15... Na5 {Bologan}) (15... Na5 16. Bc5) 16.
Rxb7 (16. Rb4 Bxf3 17. gxf3 b6 18. Ra4 Qb2 19. Bd4 Nxf3+ 20. Bxf3 Bxd4 21. Rxd4
Rac8 22. e5 Rc3 23. d6 exd6 24. Rxd6 Qb4 25. Qd5 Rc5 26. Rxg6+ Kh7 27. Qd6 {
1-0 Ruiz,R-Sion,M/Pamplona op/1995/}) 16... e6 17. d6 Rfd8 18. Re1 Bxf3 19.
gxf3 Qa3 20. f4 $1 (20. d7 Qe7 21. Bb5 Qh4 $1 $10 {Gelfand,B-Ivanchuk,V,Manila,
izt,1990} (21... Qh4 22. Bf1 {1/2-1/2/Gelfand,B-Ivanchuk,V/Manila izt (07)/
1990/})) 20... Rxd6 {[#]} 21. Qc1 $3 $146 (21. Qc2 Rc6 (21... Nc6 {Ftacnik} 22.
Bc5 Qa5 (22... Nd4 $2 23. Bxa3 Nxc2 24. Bxd6 Nxe1 25. Rc7 {xNe1}) (22... Qc3
23. Qxc3 Bxc3 24. Rc1 Rd2 25. Rxc3 Rxe2 26. Rc7 $13) 23. Bxd6 Qxe1+ 24. Kg2 Rd8
25. e5 $13) 22. Qd2 (22. Qb1 $5 {Ftacnik} Nc4 23. Rxf7 Qa5 24. Rd1 Kxf7 25.
Qb7+ Rc7 26. Qxa8 Nxe3 27. fxe3 Qc5 $15) 22... Rd6 (22... Nc4 $2 {Ftacnik} 23.
Qd7 $18) (22... Qa6 {Ftacnik} 23. Reb1 Nc4 24. Qd7 $14) 23. Rb3 Qxb3 (23...
Rxd2 {Ftacnik} 24. Rxa3 Rxe2 25. Rxe2 Nf3+ 26. Kg2 Nd4 27. Rd2 $16) 24. Qxd6
Nc4 25. Qc6 Nxe3 26. Qxa8+ Kh7 $10 {1/2-1/2 Solozhenkin,E-Daniliuk,S/RUS-ch
Elista (11)/1995/ (29)}) 21... Qxc1 22. Rxc1 Nc6 $8 (22... Rd7 23. Rb3 $18) (
22... Nd7 $4 {Bologan} 23. e5 Rd5 24. Bf3 $18) (22... Nd3 {Ftacnik} 23. Rcc7 a5
(23... Rf8 24. e5 Rd5 25. Rxa7 $16) 24. Rxf7 Bh8 25. Rfe7 $18) 23. e5 Nd4 (
23... Na5 {Ftacnik} 24. exd6 Nxb7 25. Bf3 Rd8 26. Bxb7 $18) 24. Rcc7 $3 (24.
exd6 $2 Nxe2+ 25. Kf1 Nxc1 26. Bxc1 Bf6) (24. Bf1 Rc6 $1 25. Rd1 Nf5 26. Rdd7
Rf8 $10) (24. Bg4 $5 {Bologan} Rc6 25. Rd1 h5 $1 26. Bxh5 gxh5 27. Rxd4 a5 28.
Rdd7 a4 29. Rxf7 Bf8 30. Rf6 a3 31. Rg6+ Kh8 32. Rg5 a2 33. Rxh5+ Kg8 34. Rg5+
$10) 24... Nxe2+ 25. Kf1 Rdd8 (25... Ra6 {Ftacnik} 26. Rxf7 Bf8 27. Kxe2 $16)
26. Rxf7 (26. Kxe2 Rdb8 $10) 26... Bf8 {Bologan: This natural move is just
loosing the game. It was very important to cover the 'f6' square.} (26... Bh8
27. Kxe2 a5 28. Rh7 (28. Rfe7 {Bologan} Re8 29. Rxe8+ Rxe8 30. Ra7 Bg7 31. Kd3
Bf8 32. Rxa5 Rd8+ 33. Ke4 Rd7 $14) 28... Rdb8 (28... Rab8 {Ftacnik}) 29. Rxb8+
Rxb8 30. Re7 Ra8 31. Rxe6 Kf7 32. Rc6 a4 33. Bd4 $16) 27. Kxe2 Rdb8 (27... a5
28. Rf6 a4 (28... Re8 {Ftacnik} 29. Rxg6+ Kh8 30. f5 $18) 29. Rxe6 (29. Rxg6+
Kh8 30. Rxe6 a3 31. Rb1 a2 32. Ra1 Rdb8 33. Rb6) 29... g5 (29... a3 30. Rxg6+
Kh8 31. Rg1 (31. Ba7 {Bologan} a2 32. Ra6 $18) 31... a2 32. Ra1 $18) 30. fxg5
a3 31. gxh6 a2 32. Bg5 (32. Rg6+ Kh8 33. Bg5 a1=Q 34. Bf6+ Bg7) 32... a1=Q 33.
h7+ Kh8 34. Bf6+ Bg7 35. Bxg7+ Kxh7 36. Rh6+ Kg8 37. Rh8#) 28. Rxb8 Rxb8 29.
Rf6 $1 (29. Rxa7 $10) (29. Rxa7 {Ftacnik} Rc8 $16) 29... Re8 (29... a5 30.
Rxg6+ Kf7 31. Rf6+ $18) (29... Kg7 {Ftacnik} 30. Rxe6 Rb2+ 31. Kd3 a5 32. f5 $1
$18) 30. Rxg6+ Kh7 (30... Bg7 {Ftacnik} 31. Bxa7 Kf7 32. Rg1 $18) 31. Rf6 a5 (
31... Kg7 {Ftacnik} 32. f5 $1 exf5 33. Bxh6+ Kg8 34. Rxf8+ Rxf8 35. Bxf8 Kxf8
36. f4 $18) 32. f5 $5 (32. Kf3 a4 33. f5 (33. Rf7+ Kg6 34. Ra7 a3 35. Ke4 Rb8
$132) 33... exf5 34. Kf4 Bg7) (32. Rf7+ {Bologan} Kg6 33. Ra7 Bb4 34. Kf3 $16 (
34. Bb6 {Ftacnik} Rf8 $132)) 32... exf5 (32... a4 {Ftacnik} 33. Rxe6 Rxe6 34.
fxe6 Kg6 35. Kd3 $18) 33. f4 Ra8 (33... a4 34. Rxf5 a3 (34... Ra8 {Ftacnik})
35. Rf7+ Kg6 36. Ra7 Kf5 37. Kf3 Rc8 38. Bd2 $1 (38. Ra6 Be7) 38... Bc5 $140
39. Ra6 Be7 40. Bb4 $18) (33... Kg7 $142 $1 {Bologan} 34. Ra6 Bb4 35. Bb6 Rc8
36. Bxa5 Rc2+ 37. Kd3 Ra2 38. Ra7+ Kg8 39. Bb6 Rxa7 40. Bxa7 Kf7 41. Be3 Ke6
$14 {I don't see any winning plan for White.}) 34. Rxf5 a4 35. Rf7+ Kg8 $2 (
35... Kg6 36. e6 a3 37. f5+ Kh5 38. Bd4 (38. e7 Bxe7 39. Rxe7 a2 40. Bd4 a1=Q
41. Bxa1 Rxa1 42. Rg7 Ra2+ 43. Ke3 Ra3+ 44. Ke4 Ra4+ 45. Kd5 Ra5+ 46. Ke6 Ra6+
47. Kf7 Ra7+ 48. Kg8 Ra6 $10) 38... a2 39. f6 (39. Rxf8 Rxf8 40. f6 Re8 41. f7
Rxe6+ 42. Kf2) (39. Ba1 $18) 39... Kg6 40. Rxf8 (40. Ba1 $18 {Ftacnik}) 40...
Rxf8 41. f7 $18) 36. Ra7 $1 $18 Rxa7 37. Bxa7 Ba3 (37... a3 {Ftacnik} 38. f5 a2
39. Bd4 Bc5 40. Ba1 $18) 38. Bd4 Bc1 39. f5 Kf7 (39... a3 {Ftacnik} 40. Kd3 $18
) 40. Kd3 a3 41. Kc2 Bf4 42. h3 (42. Kb3 $6 {Ftacnik} Bxh2 43. Kxa3 h5 44. Kb4
h4 45. Kc4 h3 $132) 42... h5 43. Kb3 Bc1 44. Bc5 Bb2 45. e6+ Kf6 46. Bxa3 Be5 (
46... Be5 {Ftacnik} 47. Kc4 $18) 1-0

[Event "Dos Hermanas"]
[Site "Dos Hermanas"]
[Date "1996.06.01"]
[Round "9"]
[White "Kamsky, Gata"]
[Black "Anand, Viswanathan"]
[Result "1-0"]
[WhiteElo "2735"]
[BlackElo "2725"]
[Annotator "Bologan,V"]
[PlyCount "71"]
[EventDate "1996.05.21"]
[EventType "tourn"]
[EventRounds "9"]
[EventCountry "ESP"]
[EventCategory "19"]
[SourceTitle "CBM 053"]
[Source "ChessBase"]
[SourceDate "1996.08.01"]
[SourceVersion "1"]
[SourceVersionDate "1996.08.01"]
[SourceQuality "1"]

1. e4 {Blatny,P} c6 2. d4 d5 3. Nc3 dxe4 4. Nxe4 Nd7 5. Ng5 Ngf6 6. Bd3 e6 7.
N1f3 Bd6 8. Qe2 h6 9. Ne4 (9. Nxe6 $2 {Blatny,P} fxe6 10. Bg6+ Ke7 11. O-O Nf8
12. Bd3 Bd7 13. Ne5 Qe8 14. f4 Kd8 15. c4 Kc7 $17 {Arnason-Ostenstad/Torshavn/
1987/}) (9. Nh3 {Blatny,P} g5 10. Nd2 Nb6 11. Nb3 Qc7 12. Ng1 Nbd5 $10 {
Borkowski-Sapis/Hradec Kralove/1987/}) 9... Nxe4 10. Bxe4 (10. Qxe4 {Blatny,P}
Qc7 $5 (10... Nb6) (10... c5 $6 11. Bd2 Nf6 12. Bb5+ $1 Bd7 13. Qxb7 Rb8 14.
Bxd7+ Nxd7 15. Qa6 $1 Rb6 16. Qa4 Rxb2 17. dxc5 Bxc5 18. Bc3 Rb7 19. Qg4 Bf8
20. O-O $14 {Psakhis - Meduna/Trnava/1988/}) 11. Qg4 Kf8 12. O-O c5 13. b3 e5
14. dxc5 Nxc5 15. Bf5 $1 h5 16. Qh3 Ne6 $14 {Gelfand-Speelman/Munich/1992/})
10... Nf6 11. Bd3 Qc7 (11... b6 {Blatny,P} 12. Bd2 Bb7 13. O-O-O Qc7 14. Kb1
O-O-O 15. Ba6 Rd7 16. Bxb7+ Qxb7 17. Ne5 Bxe5 18. dxe5 Ng8 19. c4 Ne7 20. Be3
Rhd8 $14 {Thorsteinsson-Kamsky/Reykjavik/1990/}) 12. Bd2 (12. c3 {Blatny,P} b6
13. Ne5 Bb7 14. f4 $14 {Arnason,J-Karlsson,A/Hafnarfirdi (04)/1992/}) 12... b6
(12... O-O $6 {Blatny,P} 13. O-O-O c5 14. g4 $1 $16 {Malisauskas,V-Oll,L/
Vilnius zt/1993/}) (12... Nd5 {Blatny,P} 13. g3 c5 14. c4 Nf6 15. O-O-O Bd7 16.
Bc3 cxd4 17. Nxd4 O-O-O $132 {Tolnai,T-Schwarz,M/Budapest Elekes (07)/1994/})
13. Ne5 (13. c4 {Blatny,P} Bb7 14. Bc3 c5 (14... O-O-O 15. b4 Rhe8 16. O-O Ng4
17. Ne5 Nxe5 18. dxe5 Be7 19. a4 $40 {Tiviakov,S-Dahl,I/Gausdal AC (06)/1992/})
15. d5 O-O-O 16. dxe6 Rhe8 17. O-O-O Bf4+ $36 {Nevostrujev,V-Galkin,A/St.
Petersburg op2 (09)/1994/}) (13. O-O-O {Blatny,P} Bb7 $14) 13... c5 $146 {
Normally Black does this move with the bishop on 'b7'.I don't think that it
makes much difference especialy when White shaws an fresh reaction to it.} (
13... Bb7 14. f4 O-O-O 15. O-O-O $14) (13... Bb7 $14 {Blatny,P}) 14. Bb5+ Ke7 (
14... Bd7 {Blatny,P} 15. Nxd7 Nxd7 $14 {^^}) 15. c3 {Gata had a long thought
in this position because it's obvious that the same thing may happen in his
match against Karpov. So should he show all his home analysis or just play
something regular.} Bb7 16. O-O Rhd8 (16... Rac8 {Blatny,P צh8}) 17. f4 (17.
Bf4 {Blatny,P} Nd5 18. Bg3 cxd4 $15) 17... Ne4 (17... cxd4 18. cxd4 Qc2 $1 $13)
18. Be3 Kf8 (18... Rac8 $13 {Blatny,P}) 19. Rae1 $14 Kg8 20. Qg4 {->K} Nf6 21.
Qg3 cxd4 22. cxd4 Nd5 (22... Ne4 $5 {Blatny,P}) 23. Bd2 a6 24. Bd3 {/\f5->} f5
25. Qg6 Re8 {[#]} (25... Bc8 {Blatny,P /\Rf8<->f}) 26. g4 $1 $16 {Alekhin
would be proud of what Kamsky did. Every White's piece is in the optimal
position for the decisive attack.} Nf6 27. gxf5 Bxe5 (27... exf5 {Blatny,P} 28.
Bxf5 $16) 28. fxe5 Qc6 29. Re3 $1 $18 (29. exf6 {Blatny,P} Qh1+ 30. Kf2 Qxh2+
31. Ke3 exf5+ 32. Be4 Rxe4+ 33. Kd3 Rxd4+ 34. Kxd4 Rd8+ 35. Kc4 Bd5+ 36. Kc3
Qc7+ 37. Kd3 Be4+ 38. Ke2 Qc4+ 39. Kf2 Rxd2+ 40. Kg3 Rg2+ 41. Kh4 Bd5+ 42. Kh3
Qd3+ 43. Re3 Qxe3+ 44. Rf3 Qxf3+ 45. Kh4 Rh2#) 29... Qh1+ 30. Kf2 Qxh2+ 31. Ke1
Ne4 (31... Qh4+ {Blatny,P} 32. Qg3 Qxg3+ 33. Rxg3 exf5 34. Bxh6 $40) 32. Bxe4
Qh4+ 33. Kd1 Bxe4 34. Be1 Qh2 35. Rxe4 Qh3 36. Ke2 1-0

[Event "FIDE-Wch"]
[Site "Elista"]
[Date "1996.06.06"]
[Round "1"]
[White "Karpov, Anatoly"]
[Black "Kamsky, Gata"]
[Result "1-0"]
[WhiteElo "2770"]
[BlackElo "2735"]
[Annotator "Ftacnik,L"]
[PlyCount "112"]
[EventDate "1996.06.06"]
[EventType "match"]
[EventRounds "18"]
[EventCountry "RUS"]
[SourceTitle "CBM 054"]
[Source "ChessBase"]
[SourceDate "1996.10.01"]
[SourceVersion "1"]
[SourceVersionDate "1996.10.01"]
[SourceQuality "1"]

1. d4 {Karpov} Nf6 2. c4 g6 3. Nc3 d5 4. Nf3 Bg7 5. Qb3 dxc4 6. Qxc4 O-O 7. e4
Nc6 8. Be2 Bg4 9. Be3 Bxf3 10. Bxf3 e5 11. d5 (11. Rd1 Nxd4 12. Bxd4 exd4 13.
Rxd4 Nd7 14. Rd2 Ne5 15. Qb3 Nxf3+ 16. gxf3 Qg5 {0-1 Borsi,I-Mohr,S/Eger op
Agria/1986/ (25)}) 11... Nd4 12. Bd1 (12. Bxd4 $2 exd4 13. Qxd4 Nxe4 14. Qxe4
$2 Re8 $19) (12. O-O-O Nd7 (12... Ne8 13. Kb1 (13. h4 Nd6 14. Qd3 c5 15. h5 g5
16. h6 Bf6 17. Rh5 Kh8 18. Kb1 Rg8 {Goldberg,G-Rudakovsky,I/URS-ch14/1945/})
13... Nd6 14. Qd3 c5 15. dxc6 bxc6 16. Qa6 Rb8 17. Na4 Rb5 18. Bxd4 exd4 19.
Rc1 d3 20. Rhd1 Qf6 21. Rd2 Rfb8 22. Rxc6 Rxb2+ 23. Rxb2 Rxb2+ 24. Kc1 Qf4+ {
0-1 Sapi,L-Lechtynsky,J/Berlin op (04)/1988/}) 13. Nb5 Nb6 14. Qd3 Nxf3 15.
gxf3 Qf6 16. Nxc7 Rac8 17. d6 Na8 18. Kb1 Nxc7 19. dxc7 $10 {Byrne,R-Byrne,D/
USA-ch/1963/}) 12... b5 $5 (12... c6 $5 13. dxc6 Rc8 14. O-O Rxc6 15. Qa4 Ra6
16. Qc4 Rc6 17. Qa4 a6 18. Bg5 Qd6 19. Bxf6 Bxf6 20. Nd5 Bd8 21. Qb4 Qxb4 22.
Nxb4 Rb6 23. Nd3 {1/2-1/2 Corral Blanco,J-Malisauskas,V/Oviedo 25' (10)/1993/ 
(32)}) 13. Nxb5 (13. Qd3 c5 14. O-O c4 15. Qb1 b4 16. Ne2 Nd7 $17 {
Wachtel-Gurevich,I/Las Vegas/1992/}) (13. Qb4 $5 {Karpov}) (13. Qc5 $6 {Karpov}
) 13... Nxe4 (13... Nxb5 14. Qxb5 Nxe4 15. Bc2 Nd6 16. Qc6 f5 $132) 14. O-O (
14. Nxc7 $2 Rc8 15. Rc1 Nd6 16. Qc3 N6b5 17. Nxb5 Rxc3 18. Nxc3 Qb6 19. b3 f5
$17) (14. Nxd4 exd4 15. Bxd4 Qg5 16. O-O Nd2 $17) 14... a6 (14... Nd6 {Karpov}
15. Nxd6 cxd6) (14... Nxb5 {Karpov}) 15. Nc3 (15. Nxd4 $5 exd4 16. Bxd4 Nd2 17.
Qc3 Bxd4 18. Qxd2 Qf6 19. Rc1 Ra7 $14) (15. Nxc7 Rc8 16. Rc1 Nd6 17. Qc3 N6b5
18. Nxb5 Rxc3 19. Nxc3 f5 $15) 15... Nd6 16. Qd3 (16. Qc5 {Karpov} N6f5 17. Rc1
Nxe3 18. fxe3 Bh6 $132) 16... Qh4 (16... N6f5 {Karpov}) 17. g3 (17. f4 Rfe8 $10
) 17... Qh3 18. Bxd4 exd4 19. Ne2 {x Pd4} Qf5 (19... Nf5 $6 {Karpov} 20. Nf4
Qh6 21. Bg4 $36) 20. Nf4 (20. Qxf5 Nxf5 21. Rc1 Rab8 $15) 20... Rfb8 21. Qxf5
Nxf5 22. Nd3 Bh6 23. Re1 a5 24. Bg4 (24. Bf3 $1 Ra6 25. Re2) (24. Ba4 $6 {
Karpov} Ra6 25. Re2 Rd6 26. Rc2 Ne7 $1 27. Rxc7 Nxd5 28. Ra7 Nb4 $1 $132) 24...
Nd6 25. Re2 a4 $2 {/\ 26...a3 27.b3 Nb5-c3} (25... Re8 $142 26. Rc2 Re7 $14)
26. a3 $1 {xa4} Ra5 27. Rc2 (27. Bf3 $6 {Karpov} Rb3 28. Rd1 Nc4 {/\ Rab5} 29.
Rc2 Rxd3 $1 30. Rxd3 Ne5 31. Be2 Nxd3 32. Bxd3 Rxd5 33. Rxc7) 27... Rxd5 (27...
Rb7 28. Bd7 $1 Ne4 29. Re1 $16) 28. Rxc7 Ra5 (28... Rb7 29. Rxb7 Nxb7 30. Bf3
Rb5 31. Bc6 Rb3 32. Rd1 $16) 29. Bf3 Bg5 30. Rd1 (30. Re1 {Karpov /\ Bf3-d1}
Rb3 $1) 30... Rc8 31. Rxc8+ Nxc8 32. h4 Bf6 (32... Bh6 33. Nb4 (33. Re1 {Karpov
}) 33... Bg7 34. Rc1 $16) 33. Rc1 Nd6 (33... Nb6 $5 34. Rc6 Nd7 35. Rd6 $14)
34. Kf1 Be7 35. Ke2 Kf8 36. Rc7 Bf6 37. Kd2 h5 38. Ke2 Nf5 (38... Kg7 39. Nc5
Kf8 40. Kd3 Be7 41. Bd1 $16) (38... Bd8 {Karpov} 39. Rc5 Rxc5 40. Nxc5 Nc4 41.
Nxa4 Bf6 42. Bd5 $1 (42. Kd3 Ne5+ 43. Ke4 d3 $132) 42... d3+ 43. Kxd3 Nxb2+ 44.
Nxb2 Bxb2 45. a4 Be5 46. a5 Bc7 47. a6 Bb6 48. f4 $18 {/\ Kd3-c4-b5-c6-b7}) 39.
Rc4 Nd6 40. Rb4 Ra6 (40... Ke7 41. Bc6 $16) 41. Nc5 Ra7 (41... Ra5 42. Nd7+ Ke7
43. Nxf6 Kxf6 44. Rxd4 $16) 42. Kd3 (42. Rxa4 $1 {Karpov} Rxa4 (42... Rc7 43.
Nd3 $1 Rc2+ 44. Kd1) 43. Nxa4 Nc4 44. Bd5 $1 d3+ 45. Kxd3 Nxb2+ 46. Nxb2 Bxb2
47. a4 $18) 42... Rc7 43. Nxa4 Rc1 44. Nb6 {/\ Nb6-d7+-:f6, R:d4} Bg7 (44...
Rf1 45. Nd7+ Ke7 46. Nxf6 Kxf6 47. Rxd4 $16) 45. a4 Ra1 (45... Rf1 46. a5 $1
Rxf2 47. Bc6 (47. Bd5 {Karpov} Bh6 {/\ 48...Rd2 matt!} 48. Kxd4 Bd2 49. Ra4 Be1
50. Kc5 Ke7 51. b3 Rc2+ 52. Nc4 (52. Bc4 $2 Nb7+ 53. Kb5 Nxa5 54. Rxa5 Bxa5 55.
Kxa5 Rg2 $132) 52... Bxg3 53. a6 Bf2+ 54. Kc6 Ba7 55. Ra1 $16 {/\ Ra1-e1+})
47... Rf1 48. a6 Ra1 49. Ra4 $18) 46. Nd7+ Ke8 47. Nc5 Ke7 48. Kc2 (48. Bd5 $5
{Karpov} Rc1 49. Nb3 Rf1) 48... Rf1 49. Nd3 Ra1 50. Kb3 {/\ Rb4-b6-c6-c1 +-} f5
{/\ Nd6-e4 <=>} 51. Rb6 Bh6 52. Bd5 (52. Ra6 $1 Ne4 (52... g5 53. hxg5 Bxg5 54.
Bxh5 $18) (52... Bd2 53. Kc2 $1 Bh6 (53... Be1 $2 54. Bd1 $1 $18) 54. a5 $18)
53. Rxg6) 52... g5 53. Ra6 {/\ Ra6-a7-h7-h5} (53. hxg5 Bxg5 {/\ h5-h4}) 53...
gxh4 54. gxh4 Rd1 55. Bc4 (55. Kc2 $2 {Karpov} Rd2+ $19) 55... Rh1 (55... Nxc4
56. Kxc4 Bf8 57. a5 $18) 56. a5 Rxh4 (56... Rxh4 57. Bd5 Rh3 (57... Bd2 58.
Ra7+ Kf6 59. a6) (57... Rg4 58. Ra7+ Kf6 59. a6 Nb5 60. Rf7+ Kg6 61. Rd7) 58.
Kc2 Rh2 {Karpov} (58... h4 59. Rb6 Rh2 60. a6 $18) 59. Ra7+ Kf6 (59... Kd8 60.
a6 Be3 61. Rh7 Nb5 62. Bc6 Nc7 63. a7 Bxf2 64. Rd7+ Kc8 65. Rxc7+ Kxc7 66. a8=Q
) 60. a6 Kg6 61. Rd7 Nb5 62. Bc4 $18) 1-0

[Event "FIDE-Wch"]
[Site "Elista"]
[Date "1996.06.10"]
[Round "3"]
[White "Karpov, Anatoly"]
[Black "Kamsky, Gata"]
[Result "1/2-1/2"]
[WhiteElo "2770"]
[BlackElo "2735"]
[Annotator "Gurevich,M"]
[PlyCount "98"]
[EventDate "1996.06.06"]
[EventType "match"]
[EventRounds "18"]
[EventCountry "RUS"]
[SourceTitle "CBM 054"]
[Source "ChessBase"]
[SourceDate "1996.10.01"]
[SourceVersion "1"]
[SourceVersionDate "1996.10.01"]
[SourceQuality "1"]

1. d4 {Karpov Ftacnik} Nf6 2. c4 e6 3. Nf3 b6 4. g3 Ba6 5. b3 Bb4+ 6. Bd2 Be7
7. Bg2 c6 8. Bc3 {Karpov`s favourite variation in the Queen`s Indian. As
russian`s joking, he built a house on this variation already.} d5 9. Ne5 Nfd7
10. Nxd7 Nxd7 11. Nd2 O-O 12. O-O Rb8 {A rare move.} (12... Rc8) (12... Rc8 {
Main continuation.} 13. e4 {Ftacnik} b5) 13. Re1 {Took 35`} (13. e4 {Usual} b5
(13... dxc4 {Ftacnik} 14. Nxc4 (14. bxc4 c5 15. d5 exd5 16. exd5 b5) 14... c5
15. d5 exd5 16. exd5 Bf6 $10) 14. Re1 (14. Rc1 bxc4 15. bxc4 dxc4 16. Qa4 Bb5
17. Qc2 e5 18. Nf3 Qc7 19. Rfd1 Bf6 20. dxe5 Nxe5 21. Nxe5 Bxe5 22. Bf1 Bxc3
23. Qxc3 c5 24. Rd5 {1/2-1/2 Gonzalez,GJ-Farago,I/Budapest Elekes (10)/1995/})
14... dxc4 (14... bxc4 15. bxc4 dxc4 16. Qa4 Bb5 17. Qc2 Ba3 18. Nxc4 Bxc4 19.
Qa4 Bb2 20. Bxb2 Rxb2 21. Qxc4 Qb6 22. Rad1 Ne5 23. Qc3 Rd8 24. Rf1 Ng6 25. a4
{1/2-1/2 Jakob,S-Lee,G/Biel op (03)/1991/ (31)}) 15. bxc4 Nb6 16. cxb5 cxb5 17.
Rc1 b4 18. Ba1 Rc8 19. Nb3 Bc4 20. d5 $36 {Torre,E-Seirawan,Y Toluka 1982} (20.
d5 exd5 21. exd5 Bf6 22. Bxf6 Qxf6 23. Na5 Bxa2 24. Nc6 b3 25. Ne7+ Qxe7 26.
Rxe7 b2 27. Rxc8 Rxc8 28. Be4 Kf8 29. Qe2 Kxe7 30. Qxb2 {1-0 Torre,E-Seirawan,
Y/Toluca izt/1982/ (46)})) (13. a4 {Ftacnik} Nf6 14. e4 c5 {1/2-1/2 Horvath,
J-Farago,I/HUN-ch (10)/1993/}) 13... b5 14. c5 e5 (14... b4 15. Bb2 e5 16. dxe5
Bxc5 17. Rc1 Qb6 18. e3 Be7 19. Nf3 Rbd8 20. Nd4 Nxe5 21. Nf5 Bf6 22. Bxe5 Bxe5
23. Ne7+ Kh8 24. Nxc6 $16 {Gagarin-Batsanin Vladivostok 1995}) 15. dxe5 Nxc5
16. a3 (16. b4 $6 Na4 $1) (16. Rc1 Ne6 17. b4 (17. Bb2 {Ftacnik} c5 $10) 17...
d4 18. Bb2 Bxb4 19. Bxc6 Qa5 $15) 16... Ne6 {took 61` (the record of the match
so far)} 17. b4 d4 (17... Bb7 {Ftacnik} 18. Nf3 $14) 18. Bb2 c5 19. bxc5 Bxc5
20. Ne4 Be7 21. e3 (21. f4 $5 {Vasiukov,Gagarin} g6 $6 (21... Bb7 $5 22. f5 Nc5
$13) 22. Rf1 $36 {[/\23.f5]}) 21... dxe3 (21... d3 22. Qd2 $14) 22. Rxe3 Qxd1+
23. Rxd1 Bb7 (23... b4 24. Nd6 $14 b3 {(/\Ne6-c5-a4)} 25. Rc3 $5 {(/\26.Bd5)})
(23... Rfd8 24. Nd6 Rb6 25. Red3 b4 26. R3d2 b3 27. f4 $13) 24. Rd7 Bxe4 25.
Rxe7 (25. Bxe4 Bc5 26. Re2 (26. Red3 Bb6 {(/\27...Nc5)}) 26... b4 (26... Rfd8 {
Ftacnik} 27. Red2 Rxd7 28. Rxd7 b4 $132) 27. a4 (27. axb4 Rxb4 28. Kg2 Rfb8
$132) 27... Bb6 $13 {(/\28...Nc5)}) 25... Bxg2 26. Kxg2 a5 27. Ra7 Ra8 $10 (
27... b4 {Ftacnik} 28. Rxa5 bxa3 29. Bxa3 Rfd8 $14) 28. Rxa8 Rxa8 29. Rb3 Rb8
30. Bc3 a4 31. Rb1 Rc8 32. Ba5 Rc5 33. f4 f6 {breaks the white`s pawn
structure.} (33... h5 $5) 34. exf6 (34. f5 Nd4 35. exf6 Nxf5 $10 (35... gxf6 {
Ftacnik} 36. Bb6 Rc2+ 37. Kh3 Nf3 38. g4 (38. Rxb5 $6 h5 $1 39. g4 h4 40. g5
Rxh2+ 41. Kg4 Nxg5 $15) 38... Rc3 39. Kg2 Rb3 40. Ra1 Ne5 41. h3 Kf7 42. Bc5))
34... gxf6 35. Rd1 Kf7 36. Rd7+ Kg6 37. Kf3 Rc4 38. Ke3 Nc5 39. Rd5 (39. f5+
Kxf5 40. Rxh7 Re4+ 41. Kf3 Ne6 $10) 39... Kf7 (39... h5 $5) 40. Bb6 (40. g4 $5)
(40. Bb4 Na6 41. Rxb5 (41. Bd2 Nc5 42. Bb4 $14) 41... Nxb4 42. axb4 (42. Rxb4
$4 Rxb4 43. axb4 a3) 42... a3 43. Kd3 (43. Ra5 Rxb4 44. Rxa3 f5 $10) 43... a2
44. Ra5 Rxb4 $10) (40. f5 h5 41. Bb4 (41. Bb6 Rc3+ 42. Ke2 Ne4 43. Rxb5 Rxa3
44. Ra5 Nc3+ 45. Kd2 Ne4+ $10) 41... Na6 42. Rxb5 Nxb4 43. axb4 a3 44. Ra5 Rxb4
45. Rxa3 h4 $10) 40... Rc3+ 41. Kd4 Rc4+ 42. Ke3 Rc3+ 43. Ke2 Ne4 44. Rxb5 Rxa3
45. Ra5 Kg6 (45... Nc3+ 46. Kd2 Ne4+ 47. Kc2 Rc3+ 48. Kd1 Ra3 49. Kc2 Rc3+ $10)
46. Bd4 h5 47. Be3 (47. f5+ $6 Kg5 48. Be3+ Kg4 $14) 47... f5 48. Ra6+ Kf7 49.
Ra5 Kg6 (49... Ke6 {Ftacnik} 50. Re5+ (50. Ra6+ $6 Kd5 51. Ra5+ Kc4 52. Rxf5
Rb3 $17) 50... Kd6 (50... Kf6 51. Bd4 Kg6 52. Re6+ $10) 51. Rxf5 Nc3+ 52. Kd2
Nd5 53. Bd4 Ra2+ 54. Kd3 Rxh2 55. Ke4 Re2+ 56. Kd3 Rg2 57. Ke4 $10) 1/2-1/2